00499nam a2200193 a 4500001001300000003000900013005001700022008004100039020001000080082001500090100002500105245003100130260004000161300000900201500003500210505001000245650002500255700002500280nice12345678IN_TiNIC20260116013246.0050524s1998 newa grp 000 0 eng  ac17500a297.5bENG aEngineer, Asghar Ali aRethinking Issues in Islam aNew Delhi bOrient Blackswan c1998 a151p aincludes index and biblioraphy2 aIndex aIslam-Moral Theology1 aEngineer, Asghar Ali